हरियाणा का ऐतिहासिक नगर तरावड़ी (Record no. 1100)

MARC details
000 -LEADER
fixed length control field 01165 a2200229 4500
005 - DATE AND TIME OF LATEST TRANSACTION
control field 2008090409369.0
008 - FIXED-LENGTH DATA ELEMENTS--GENERAL INFORMATION
fixed length control field 080904t xxu||||| |||| 00| 0 hin d
010 ## - LIBRARY OF CONGRESS CONTROL NUMBER
LC control number HIN-78994
020 ## - INTERNATIONAL STANDARD BOOK NUMBER
International Standard Book Number 8188189499
Terms of availability 125.00
035 ## - SYSTEM CONTROL NUMBER
System control number HN-51341
037 ## - SOURCE OF ACQUISITION
Source of stock number/acquisition D.B.Act / pub
082 ## - DEWEY DECIMAL CLASSIFICATION NUMBER
Classification number 954.14
100 ## - MAIN ENTRY--PERSONAL NAME
Personal name वशिष्ठ, सावित्री
245 ## - TITLE STATEMENT
Title हरियाणा का ऐतिहासिक नगर तरावड़ी
Statement of responsibility, etc सावित्री वशिष्ठ
246 ## - VARYING FORM OF TITLE
Title proper/short title Haryana ka etihasic nagar Taravadi
Remainder of title Savitri Vashisht
260 ## - PUBLICATION, DISTRIBUTION, ETC. (IMPRINT)
Place of publication, distribution, etc दिल्ली
Name of publisher, distributor, etc सत्साहित्य प्रकाशन,
Date of publication, distribution, etc 2007
270 ## - ADDRESS
Address 57-बी,पाकेट-ए,फेज-11,अशोक विहार
City दिल्ली
Postal code 110052
Telephone number 27420386
300 ## - PHYSICAL DESCRIPTION
Extent 71पृ
Dimensions 22 सेमी (सजिल्द)
490 ## - SERIES STATEMENT
Volume number/sequential designation भाग-1
942 ## - ADDED ENTRY ELEMENTS (KOHA)
Institution code [OBSOLETE] dpl
Koha item type Hindi Books
Call number prefix 954.14 / वशिष्ठ
Source of classification or shelving scheme Dewey Decimal Classification
Classification part 954.14
Call number suffix वशिष्ठ
Holdings
Withdrawn status Lost status Damaged status Not for loan Collection code Home library Current library Date acquired Cost, normal purchase price Total Checkouts Full call number Barcode Date last seen Copy number Uniform Resource Identifier Cost, replacement price Price effective from Koha item type
      Not For Loan Non-fiction D.B.Act.Division D.B.Act.Division 04/09/2008 125.00   954.14 वशिष्ठ HN-51341 15/09/2008 1 1164 125.00 15/09/2008 Hindi Books

© Delhi Public Library
Hit Counter
free hit counter